A new mix of rights for creditors (Record no. 68588)

MARC details
000 -LEADER
fixed length control field 01133cam a2200229 4500
001 - CONTROL NUMBER
control field ABS64654
008 - FIXED-LENGTH DATA ELEMENTS--GENERAL INFORMATION
fixed length control field 011017n2001 000 0 eng u
035 ## - SYSTEM CONTROL NUMBER
System control number (Sirsi) u115167
100 ## - MAIN ENTRY--PERSONAL NAME
Personal name Hawkins, R.
245 #2 - TITLE STATEMENT
Title A new mix of rights for creditors
260 ## - PUBLICATION, DISTRIBUTION, ETC.
Date of publication, distribution, etc. 2001
490 ## - SERIES STATEMENT
Series statement Estates Gazette
Volume/sequential designation (0141) 13 October 2001, 176(2)
520 ## - SUMMARY, ETC.
Summary, etc. Discusses the details of government's White Paper on Insolvency which was published on 31 July. It proposes to shift the balance of rights between an insolvent company and its various creditors. There is to be an attack on the concept of administrative receivership and the abolition of the right of the holder of a floating charge to appoint an administrative receiver. The white paper conceedes that the proposals will result in increased costs and lenders may be unable to borrow as much as before. Argues these proceedures need to be streamlined.
590 ## - LOCAL NOTE (RLIN)
Local note ABS
650 ## - SUBJECT ADDED ENTRY--TOPICAL TERM
Topical term or geographic name entry element INSOLVENCY ACT 2000
650 ## - SUBJECT ADDED ENTRY--TOPICAL TERM
Topical term or geographic name entry element ENTERPRISE BILL
650 ## - SUBJECT ADDED ENTRY--TOPICAL TERM
Topical term or geographic name entry element CORPORATE INSOLVENCY
650 ## - SUBJECT ADDED ENTRY--TOPICAL TERM
Topical term or geographic name entry element KHAN V PERMAYER
650 ## - SUBJECT ADDED ENTRY--TOPICAL TERM
Topical term or geographic name entry element CREDITORS
690 ## - LOCAL SUBJECT ADDED ENTRY--TOPICAL TERM (OCLC, RLIN)
Topical term or geographic name as entry element Dispute resolution
9 (RLIN) 6236
942 ## - ADDED ENTRY ELEMENTS (KOHA)
Suppress in OPAC 0
Holdings
Withdrawn status Lost status Source of classification or shelving scheme Damaged status Not for loan Home library Current library Shelving location Date acquired Total Checkouts Full call number Barcode Date last seen Copy number Price effective from Koha item type
    Dewey Decimal Classification     London London Journal article 17/10/2001   ABS64654 115167-1001 06/08/2019 1 06/08/2019 Journal article